• 首页
  • 本馆介绍
  • 公告通知
  • 最新文献
  • 馆藏检索
  • 电子资源
  • 读者导购
  • 参考咨询
  • 我的图书馆
  • 登录
  • 详细信息显示
  • 放入我的书架
  • 预约/预借图书
  • 作者相关作品
  • 分类相关作品
  • 丛书相关作品
  • 出版社相关作品

书目信息

  • 表格格式
  • 工作单格式
  • 卡片格式
题名:
油茶栽培品种应用技术
    
 
作者: 谭晓风 , 袁军 , 刘繁灯 编著
分册:  
出版信息: 北京   中国林业出版社·自然保护分社(国家公园分社)  2020
页数: 154页
开本: 21cm
丛书名: 油茶产业应用技术丛书
单 册:
中图分类: S794.404 , S794.4
科图分类:
主题词: 油茶--品种
电子资源:
ISBN: 978-7-5219-0797-1
000 00950oam2 2200277 450
001 2366277910
005 20231102182455.43
010    @a978-7-5219-0797-1@dCNY35.00
100    @a20210413d2020 em y0chiy50 ea
101 0  @achi
102    @aCN@b110000
105    @aa z 000yy
200 1  @a油茶栽培品种应用技术@9you cha zai pei pin zhong ying yong ji shu@f谭晓风, 袁军, 刘繁灯编著
210    @a北京@c中国林业出版社·自然保护分社(国家公园分社)@d2020
215    @a154页@c彩图,彩照@d21cm
225 1  @a油茶产业应用技术丛书
330    @a本书内容包括:油茶品种概说、湖南省油茶主要栽培品种、湖南以外省份油茶主要栽培品种、油茶栽培品种的准确选择使用。
461  0 @12001 @a油茶产业应用技术丛书
606 0  @a油茶@x品种
690    @aS794.404@v5
690    @aS794.4@v4
701  0 @a谭晓风@9tan xiao feng@4编著
701  0 @a袁军@9Yuan Jun@4编著
701  0 @a刘繁灯@9liu fan deng@4编著
801  0 @aCN@b91MARC@c20210808
905    @aBZT@dS794.4@e4
    
    油茶栽培品种应用技术/谭晓风, 袁军, 刘繁灯编著.-北京:中国林业出版社·自然保护分社(国家公园分社),2020
    154页:彩图,彩照;21cm.-(油茶产业应用技术丛书)
    
    
    ISBN 978-7-5219-0797-1:CNY35.00
    本书内容包括:油茶品种概说、湖南省油茶主要栽培品种、湖南以外省份油茶主要栽培品种、油茶栽培品种的准确选择使用。
●
相关链接 在五车中查询图书 在当当中查询图书 在豆瓣中查询图书


正题名:油茶栽培品种应用技术     索取号:S794.4/4         预约/预借

序号 登录号 条形码 馆藏地/架位号 状态 备注
1 2000977518   2000977518   中教、安徽混合/山东中教(第一批)/107/ [索取号:S794.4/4] 在馆    
2 2000977519   2000977519   中教、安徽混合/山东中教(第一批)/107/ [索取号:S794.4/4] 在馆    
3 2000977520   2000977520   中教、安徽混合/山东中教(第一批)/107/ [索取号:S794.4/4] 在馆    
4 2000977521   2000977521   中教、安徽混合/山东中教(第一批)/107/ [索取号:S794.4/4] 在馆    
5 2000977522   2000977522   中教、安徽混合/山东中教(第一批)/107/ [索取号:S794.4/4] 在馆    
6 2000977523   2000977523   中教、安徽混合/山东中教(第一批)/107/ [索取号:S794.4/4] 在馆    
山东省滨州职业学院图书馆 欢迎您!
大连网信软件有限公司© 版权所有